| 000 | 00930nam a2200217 i 4500 | ||
|---|---|---|---|
| 001 | 63712 | ||
| 003 | ES-MaACL | ||
| 005 | 20230906164941.0 | ||
| 007 | t| | ||
| 008 | 031216m19081912be ||||1| fre d | ||
| 100 | 1 |
_aFierens-Gevaert, Hippolyte. _950707 |
|
| 245 | 1 | 3 |
_aLa peinture en Belgique, musées, églises, collections, etc. / _cpar Fierens-Gevaert ; les primitifs flamands. |
| 260 |
_aBruxelles : _bG. van Oes, _c1908-12. |
||
| 300 |
_a4 v. ; _c32 cm. |
||
| 505 | 8 | _aContiene: V. I: Les créateurs de l'art flamand. -- V. II: Maturité des écoles de Bruges et de Gand. V. III: Débuts du XVIe siècle : fin de l'idéal gothique. -- V. IV: Réalistes et romanisants du XVIe siècle | |
| 740 | 4 | _aLes créateurs de l'art flamand. | |
| 740 | 0 | _aMaturité des écoles de Bruges et de Gand. | |
| 740 | 0 | _aDébuts du XVIe siècle. | |
| 740 | 0 | _aRéalistes et romanisants du XVIe siècle. | |
| 852 |
_aES-MaACL _jF-477-80 |
||
| 999 |
_c63712 _d63712 |
||